000 00445nam a2200181Ia 4500
001 7939
005 20260306160532.0
008 260306t2018||||xx |||||||||||||| ||spa||
041 _aESP
082 _a364
_bV935
100 _aVelasco de la Fuente, Paz
_eAUT
245 0 _aCriminal-mente:
_bla criminologĂ­a como ciencia
260 _c2018
300 _a373 páginas :
_c23 cm.
650 _aGEN
654 _aCPS
942 _cLIB
_dJUS
_fJUS
_2ddc
_n
999 _c7939
_d7939